000 00345nam a2200145Ia 4500
008 090124s9999 xx 000 0 und d
082 _b301409
245 _a तुफान
250 _a1
260 _bकर्णिक हेमन
_c1985
300 _a187
630 _a तुफान
730 _a तुफान
942 _cBOOK
999 _c190984
_d190984